| 000 | 00984nam a2200253Ia 4500 | ||
|---|---|---|---|
| 003 | OSt | ||
| 005 | 20220923220014.0 | ||
| 006 | a|||||r|||| 00| 0 | ||
| 007 | ta | ||
| 008 | 220922b |||||||| |||| 00| 0 hin d | ||
| 024 | _a183,508 | ||
| 037 | _cTextual | ||
| 040 |
_aARTS _cARTS _bhin |
||
| 041 |
_2hin _ahin |
||
| 082 | _aO152,1N177:g, N8 | ||
| 100 |
_aजैन, देवेन्द्र कुमार; मिश्र, राजेन्द्र _9163978 |
||
| 245 | 0 | _aमुक्तिबोध विचार और कविता | |
| 246 | _aMuktibodh vichār aur kavitā | ||
| 260 |
_aनई दिल्ली _b तक्षशिला प्रकाशन _c1998 |
||
| 300 |
_a160 पृ. _ccm. |
||
| 650 |
_aहिन्दी साहित्य _9156264 |
||
| 942 |
_hO152,1N177:g, N8 _cTEXL _2CC |
||
| 999 |
_c336844 _d336844 |
||